000 00647nam a22002057a 4500
005 20241108115454.0
008 241108b |||||||| |||| 00| 0 eng d
020 _a9781562765385
050 _aQA76.76
_b.O63
100 _aHergert, Douglas
245 _aHow to use Microsoft Windows 95/
_cDouglas Hergert, illustrated by Mina Reimer, Sarah Ishida & Cherie Plumlee
250 _a2nd Ed.
260 _aEmeryville, California
_bZiff-Davis Press
_c1997
300 _axi.267p.
_bill. color
_c25.5cm
650 _2Microsoft Windows 95
700 _aReimer, Mina
700 _aIshida, Sarah
700 _aPlumlee, Cherie
942 _2lcc
_cBK
_e2nd Ed.
_n0
999 _c868
_d868